000 00246nam a22001217a 4500
008 181221b xxu||||| |||| 00| 0 eng d
041 _aeng
080 _a701
100 _a45
101 _aART
245 _aPeking
_cBonavia, D
942 _2udc
_cBK
999 _c53697
_d53697